លក្ខណះជីវសាស្រ្ត នៃកូនឈើបណ្ដុះប្រភេទកន្ធុំថេត (Leucaena Leucocephala) នៅក្នុងថ្នាល; (Record no. 3154)

000 -LEADER
fixed length control field 00576nam a22001577a 4500
003 - CONTROL NUMBER IDENTIFIER
control field OSt
005 - DATE AND TIME OF LATEST TRANSACTION
control field 20151104165913.0
008 - FIXED-LENGTH DATA ELEMENTS--GENERAL INFORMATION
fixed length control field 151104b xxu||||| |||| 00| 0 eng d
040 ## - CATALOGING SOURCE
Transcribing agency RUA
082 ## - DEWEY DECIMAL CLASSIFICATION NUMBER
Classification number FOR ឃិន 1994 B119 Or.1
100 ## - MAIN ENTRY--PERSONAL NAME
9 (RLIN) 3381
Personal name ឃិន វណ្ណះ
245 ## - TITLE STATEMENT
Title លក្ខណះជីវសាស្រ្ត នៃកូនឈើបណ្ដុះប្រភេទកន្ធុំថេត (Leucaena Leucocephala) នៅក្នុងថ្នាល;
260 ## - PUBLICATION, DISTRIBUTION, ETC. (IMPRINT)
Place of publication, distribution, etc. Phnom Penh
Name of publisher, distributor, etc. RUA
Date of publication, distribution, etc. 1994
300 ## - PHYSICAL DESCRIPTION
Extent 85p.
Other physical details ill.
Dimensions 29cm.
942 ## - ADDED ENTRY ELEMENTS (KOHA)
Source of classification or shelving scheme
Koha item type FOR
Holdings
Price effective from Date last seen Permanent Location Not for loan Date acquired Source of classification or shelving scheme Koha item type Barcode Lost status Damaged status Shelving location Withdrawn status Current Location Full call number
2015-11-042015-11-04Library Block B 2015-11-04 FORRUA027840  B119 Library Block BFOR ឃិន 1994 B119 Or.1
2015-11-042015-11-04Library Block B 2015-11-04 FORRUA010915  B119 Library Block BFOR ឃិន 1994 B119 Or.2
2015-11-042015-11-04Library Block B 2015-11-04 FORRUA010992  B119 Library Block BFOR ឃិន 1994 B119 Or.3
មជ្ឈមណ្ឌលឯការនៃសាកលវិទ្យាល័យភូមិន្ទកសិកម្មចំការដូង

Powered by Koha